| 000 | 00865cab a2200241 4500 | ||
|---|---|---|---|
| 001 | ABS52330 | ||
| 008 | 090401t1995 xxu||||| |||| 00| 0 eng d | ||
| 035 | _a(Sirsi) u73453 | ||
| 041 | _aeng | ||
| 100 | _aBalachandran, P. | ||
| 245 | _aSome considerations for foreign contractors entering the Far East construction market | ||
| 260 | _c1995 | ||
| 350 | _a0 | ||
| 490 |
_aInternational Construction Law Review _v12(1) January 1995, 137-155(10) |
||
| 520 | _aPresents in general terms some of the issues that a contractor will have to consider before entering the markets in the Far east covers Singapore, Malaysia, Indonesia, Vietnam and China. | ||
| 650 | _aCONSTRUCTION INDUSTRY | ||
| 650 | _aCONSTRUCTION MARKET | ||
| 650 | _aFAR EAST | ||
| 690 | _aBUILT ENVIRONMENT | ||
| 690 | _aOVERSEAS-REST OF THE WORLD | ||
| 942 | _n0 | ||
| 948 | _c04/03/1997 | ||
| 999 |
_c46429 _d46429 |
||